| 000 | 00818nam a2200253Ia 4500 | ||
|---|---|---|---|
| 003 | OSt | ||
| 005 | 20221005104157.0 | ||
| 006 | a|||||r|||| 00| 0 | ||
| 007 | ta | ||
| 008 | 221004b |||||||| |||| 00| 0 hin d | ||
| 024 | _a109627 | ||
| 037 | _cTextual | ||
| 040 |
_aCRL _cCRL _bhin |
||
| 041 |
_2hin _ahin |
||
| 082 | _aO152,2N25,KA, K9 | ||
| 100 |
_aलक्ष्मीनारायण लाल _9157025 |
||
| 245 | 0 | _aकलंकी | |
| 246 | _aKalankī | ||
| 260 |
_aदिल्ली _bनेशनल पब्लिशिंग हाउस भारत _c1969 |
||
| 300 |
_a57पृ0 _ccm. |
||
| 650 | _aहिन्दी साहित्य | ||
| 942 |
_hO152,2N25,KA, K9 _cTEXL _2cc |
||
| 999 |
_c1011951 _d1011951 |
||